000 00352nam a2200133Ia 4500
008 231129s1984||||xx |||||||||||||| ||spa||
020 _a84-7386-347-X
082 _aHAJ- 0411
100 _aLawrence Guiles Fred
245 0 _aJane Fonda
260 _c1984
264 _aEspaƱa: Ultramar 1984
942 _2ddc
_cBKS
999 _c16072
_d16072